000
00286nam a2200133Ia 4500
100
_a
Kumbhojkar G.V
650
_a
Mathematics
942
_c
BK
245
_a
Applied Mathematics III- Computer
260
_b
C.Jamnadas and Co
_c
2011
082
_b
KUM
546
_a
ENGLISH
999
_c
31721
_d
31721